书目信息 |
| 题名: |
汽车系统动力学
|
|
| 作者: | 张洪欣 编著 | |
| 分册: | ||
| 出版信息: | 上海 同济大学出版社 1996.12 |
|
| 页数: | 181页 | |
| 开本: | 16开 | |
| 丛书名: | ||
| 单 册: | ||
| 中图分类: | U461.1 | |
| 科图分类: | ||
| 主题词: | 汽车工程 | |
| 电子资源: | ||
| ISBN: | 7-5608-1727-0 | |
| 000 | 00553nam0 2200193 45 | |
| 001 | 0009151096 | |
| 005 | 20000915105927.8 | |
| 010 | @a7-5608-1727-0@d10.80元 | |
| 100 | @a20000915d1996 km y0chiy0120 ea | |
| 101 | 0 | @achi |
| 105 | @a z 000yy | |
| 200 | 1 | @a汽车系统动力学@AQi Che Xi Tong Dong Li Xue@f张洪欣编著@FZhang Hong Xin Bian Zhu |
| 210 | @a上海@c同济大学出版社@d1996.12 | |
| 215 | @a181页@d16开 | |
| 606 | 0 | @a汽车工程 |
| 690 | @aU461.1@v3 | |
| 701 | 0 | @a张洪欣@4编著 |
| 801 | @aCN@bPftUser@c20000915 | |
| 905 | @b143681-682@dU461.1@eZH888@f2 | |
| 汽车系统动力学/张洪欣编著.-上海:同济大学出版社,1996.12 |
| 181页;16开 |
| ISBN 7-5608-1727-0:10.80元 |
| ● |
| 相关链接 |
|
|
|
正题名:汽车系统动力学
索取号:U461.1/ZH888
 
预约/预借
| 序号 | 登录号 | 条形码 | 馆藏地/架位号 | 状态 | 备注 |
| 1 | 143681 | 201436810 | 自科库501/501自科库 86排2列4层/ [索取号:U461.1/ZH888] | 在馆 | |
| 2 | 143682 | 201436829 | 自科库501/501自科库 86排2列4层/ [索取号:U461.1/ZH888] | 在馆 |